| 000 | 004450000a22001690004500 | ||
|---|---|---|---|
| 003 | MACL | ||
| 005 | 20151227145002.0 | ||
| 008 | 151227b xxu||||| |||| 00| 0 eng d | ||
| 040 |
_aMACL _cmacl |
||
| 041 | _aEnglish | ||
| 082 | _a025.431/DEW | ||
| 100 |
_aDewey, Melvil _923330 |
||
| 245 | _aDecimal Classification & Relative Index | ||
| 260 |
_bForest Press INC _c1979 _aU.S.A |
||
| 650 |
_aLibrary Science _957 |
||
| 942 |
_cBK _k025.431/DEW _2ddc |
||
| 999 |
_c38645 _d38645 |
||